Tribhuvan University Central Library
Normal view MARC view
  • Preventive medicine

Entry Topical Term

Number of records used in: 4

001 - CONTROL NUMBER

  • control field: 9650

003 - CONTROL NUMBER IDENTIFIER

  • control field: OSt

005 - DATE AND TIME OF LATEST TRANSACTION

  • control field: 20110109142656.0

008 - FIXED-LENGTH DATA ELEMENTS

  • fixed length control field: 110109|||a|||||| | ||| d

040 ## - CATALOGING SOURCE

  • Original cataloging agency: OSt
  • Transcribing agency: OSt

150 ## - HEADING--TOPICAL TERM

  • Topical term or geographic name as entry element: Preventive medicine

670 ## - SOURCE DATA FOUND

  • Source citation: Work cat.: (OSt): Wilson, John 9648, World blindness and its prevention., 1980

670 ## - SOURCE DATA FOUND

  • Source citation: Work cat.: (OSt): Wilson, John 9648, World blindness and its prevention., 1980